| 000 | 00459nam a2200169 a 4500 | ||
|---|---|---|---|
| 001 | 34481 | ||
| 005 | 20180714002620.0 | ||
| 008 | 140415s1972 000 0 spa d | ||
| 041 | _aspa | ||
| 082 |
_a800 _bBIB |
||
| 100 | 1 | _aROJAS, FERNANDO DE | |
| 245 | 1 | 3 | _aLA CELESTINA |
| 260 |
_a[s.l.] : _bSALVAT EDITORES, _c1972 |
||
| 300 | _a187 | ||
| 490 |
_aBIBLIOTECA BASICA SALVAT _v74 |
||
| 650 | 1 | 4 |
_aLITERATURA MEDIEVAL _xTEATRO ESPEOL _xCOMEDIA |
| 999 |
_c34481 _d34481 |
||